000 00556nam 22001813 4500
001 201924
021 _b20403/88
090 _a201924
100 _a20260423d u||y0pory50 ba
200 _aUm capricho dos deuses
_fSidney Sheldon
_gtradução de Maria Filomena Martins Duarte
210 _aLisboa
_cCírculo de Leitores
_d1988
215 _a332 p.
_cEncadernado
_d21 cm
606 _916
_aLiteratura Americana
675 _a821.111(73)-3
_vPT
_zpor
700 _9757
_aSheldon
_bSidney
_f1917-2007
801 _aPT
_bBMMN
_gRPC
830 _cFernando
_fFernando
990 _cLIVROS